000 01055nam a22002777a 4500
003 dpl
005 20180618141853.0
008 180618b xxu||||| |||| 00| 0 eng d
010 _aA-924125
020 _c100.00
035 _aA-924125, A-924129
037 _bCen Lib/Ret
040 _aDPL
_bHN
_c0
082 _a821
_bइशाक
100 _aइशाक अश्क
_942599
245 _aकाश हम भी पेड होते /
_cइशाक अश्क
246 _aKash hum bhi paid hote
_bby Ishaq Ashk
260 _aनई दिल्ली
_bदिशा प्रकाशन
_c1997
270 _a138/16, त्रि नगर
_bनई दिल्ली
_e110035
300 _a119पृष्ठ.
_c20सजिल्द
650 _aहिंदी साहित्य
_942600
650 _aहिंदी कविता
_942601
650 _aहिंदी लिटरेचर
_942602
650 _aहिंदी पोएट्री
_942603
942 _2ddc
_cHN
_h821
_mइशाक
999 _c111397
_d111397